Estudios de derecho civil

Uloženo v:
Podrobná bibliografie
Hlavní autor: Lacruz Berdejo, José Luis (Autor)
Médium: Kniha
Jazyk:španělština
Vydáno: Barcelona Bosch 1958
Témata:
Tagy: Přidat tag
Žádné tagy, Buďte první, kdo vytvoří štítek k tomuto záznamu!

MARC

LEADER 00000nam a2200000 a 4500
001 UCS1621
003 CL-VaPUC
008 970515e19580000SP |||||||||||||||||spa|d
082 0 4 |a 346.46  |b LAC  |2 21 
100 |a Lacruz Berdejo, José Luis  |e author  |9 487154 
245 1 0 |a Estudios de derecho civil 
300 |a 681 p 
942 |c BK 
945 |d 19970515 00:00:00  |a cmena 
260 |a Barcelona  |b Bosch  |c 1958 
650 0 |a Derecho civil  |9 255013 
650 0 |a Derecho español  |9 255291 
650 0 |a Código civil  |9 256135 
650 0 |a Hipoteca  |9 255780 
650 0 |a Propiedad   |9 255268 
650 0 |a Contratos  |9 255153 
650 7 |a BIENES GANANCIALES  |2 CL-VaPUC  |9 333667 
650 7 |a MATRIMONIO  |2 CL-VaPUC  |9 386233 
650 0 |a Arrendamiento  |9 257654 
651 0 |a España  |9 254926 
583 |a last modification  |c 19970515 00:00:00  |k Rodrigo Vera 
999 |c 259658  |d 259656 
952 |0 0  |1 0  |4 0  |6 346_460000000000000_LAC_1958  |7 0  |8 A  |9 284868  |a BIBDER  |b BIBDER  |d 2019-11-19  |i 1852833  |o 346.46 LAC 1958  |p 1852833  |r 2023-01-25  |w 2019-11-19  |y BK  |k DER